| 000 | 01541 a2200241 4500 | ||
|---|---|---|---|
| 001 | 29658 | ||
| 005 | 20260407155607.0 | ||
| 008 | 260407a1984 arg spa d | ||
| 003 | AR-UNSa-BCEJYS | ||
| 040 |
_aAR-UNSa-BCEJYS _bspa _cAR-UNSa-BCEJYS |
||
| 080 |
_a342 _xDerecho constitucional (Derecho Público) |
||
| 245 | 1 | 0 | _aCurso de derecho constitucional |
| 020 | _a950-14-1413-2 | ||
| 250 | _a6a. ed. | ||
| 264 | 1 |
_aBuenos Aires : _bEdiciones Depalma _c1984 |
|
| 300 |
_a570 p. _c22 cm. |
||
| 505 | _a1. Nociones generales.El preámbulo - 2. Las formas de gobierno - 3. Nuestro estado federal - 4. Doctrina de la supremacía de la constitución - 5. Garantía federal a las provincias - 6. La intervención federal en las provincias - 7. Declaraciones, derechos y garantías (en general) - 8. La igualdad ante la ley - 9. Derechos y libertades en relación inmediata con las personas - 10. Garantías de la libertad y seguridad de las personas - 11. Derechos civiles con respecto al trabajo y a los bienes - 12. Estado de sitio - 13. El régimen electoral - 14. Organización del poder legislativo - 15. Derecho y procedimiento parlamentarios - 16. Atribuciones del congreso - 17. Atribucions del congreso (continuación) - 18. Organización del poder ejecutivo - 19. Atribuciones del poder ejecutivo - 20. Organización y funciones del poder judicial de la nación. | ||
| 041 | _aspa | ||
| 942 | _cBK | ||
| 590 | _aniveau_biblio:m niveau_hierar:0 | ||
| 100 | 1 | _aGonzález Calderon, Juan A. | |
| 700 | 1 | _aMiqueo Ferrero, Ernesto J. | |
| 999 |
_c1930 _d1930 |
||